Fenomén Bratislava zborník z medzinárodnej vedeckej konferencie : Bratislava 21. - 22. septembra 2010

Salvato in:
Dettagli Bibliografici
Ente Autore: Fenomén Bratislava. Medzinárodná vedecká konferencia
Altri autori: Medvecký, Matej
Natura: Libro
Lingua:slovacco
Pubblicazione: Bratislava Ústav pamäti národa 2011
Serie:Spisy Európskej siete Pamäť a Solidarita 3
Soggetti:
Tags: Aggiungi Tag
Nessun Tag, puoi essere il primo ad aggiungerne!!

MARC

LEADER 00000nam a2200000 4500
001 0158420
005 20240109073506.8
020 |a 978-80-89335-39-8 
041 0 |a slo 
044 |a SK 
245 1 0 |a Fenomén Bratislava  |b zborník z medzinárodnej vedeckej konferencie : Bratislava 21. - 22. septembra 2010  |c zostavil Matej Medvecký 
264 1 |a Bratislava  |b Ústav pamäti národa  |c 2011 
300 |a 497 s. 
490 1 |a Spisy Európskej siete Pamäť a Solidarita  |v 3 
830 0 |a Spisy Európskej siete Pamäť a Solidarita  |v 3 
610 2 0 |a história 
610 2 0 |a dejiny 
610 2 0 |a Bratislava 
700 1 |a Medvecký, Matej 
110 2 |a Fenomén Bratislava. Medzinárodná vedecká konferencia